| 000 | 01281nab a2200217 i 4500 | ||
|---|---|---|---|
| 001 | 768714001 | ||
| 003 | CO-MdFUSB | ||
| 005 | 20240509164527.0 | ||
| 008 | 240509t1969 sp ||||| |||| 00| 0 spa d | ||
| 040 |
_bspa _cCO-MdFUSB _dCO-MdFUSB |
||
| 041 | _aspa | ||
| 100 |
_aKautzky, Rudolf, _eautor |
||
| 245 |
_aProgreso técnico y problemas morales dentro de la medicina actual _c/ Rudolf Kautzky |
||
| 520 | _aCon los avances de la medicina, el poder del médico en la vida humana aumenta constantemente. La influencia de un médico puede comenzar antes del comienzo de la vida de una persona y también puede extenderse hasta el final. Todo el mundo conoce el dominio médico actual sobre la concepción, tanto de forma positiva como negativa; tratando de influir en las condiciones o intervenciones hereditarias del feto. En este sentido, el médico realmente tiene en sus manos la vida del paciente. | ||
| 650 | 2 |
_aConciencia (Moral) _9927 |
|
| 650 | 0 |
_aProblemas sociales _9946 |
|
| 653 | _aProfesión y responsabilidad en la sociedad | ||
| 773 | 0 |
_049450 _982608 _oR2535 _tRevista internacional de teología Concilium _w(CO-MdFUSB)8 _x0210-1041 _gNúmero 45, (mayo, 1969), páginas: 245 - 260 _qpágina: 245 |
|
| 942 | _cANA | ||
| 945 | _aCatherine Arias Alvarez - Practicante SENA | ||
| 999 |
_c69632 _d69632 |
||